000 00453nam a2200193Ia 4500
008 151121s9999||||xx |||||||||||||| ||und||
082 _a823/GRO
082 _bHNW-52992
100 _aGrossman Vasily
245 _aLife And Fate
260 _b"Collins Harvill, London।"
260 _c--
300 _a880
600 _aGrossman Vasily
630 _aLife And Fate
700 _aGrossman Vasily
730 _aLife And Fate
942 _cBOOK
999 _c1236802
_d1236799